| 000 | 00523nam a2200193 a 4500 | ||
|---|---|---|---|
| 001 | 1771666227575 | ||
| 003 | YourLibrary | ||
| 005 | 20260221150218.0 | ||
| 008 | 260221s2008##################000#0#eng## | ||
| 020 | _a9789052014562 | ||
| 082 | 0 | 4 |
_a338.6094 _bMOR |
| 100 | 1 |
_aMoreau, Marie-Ange, _eauthor. |
|
| 245 | 1 | 0 | _aRestructuring in the New EU Member States : |
| 260 |
_bPeter Lang, _c2008. |
||
| 300 | _a236 pages | ||
| 650 | 0 | _aBusiness & Economics. | |
| 942 | _cENGLISH | ||
| 040 |
_aYourLibrary _beng _cYourLibrary |
||
| 999 |
_c615298 _d615298 |
||